00953naa#a2200205#i#4500001002200000005001700022011001400039100004100053101000800094102000700102200023100109210016900340215001000509608004500519675007100564700003400635700003400669700003000703856001400733RU\INFRA-M\bibl\3069520260516081455.6##a2500-3291##a20190826b2019####ek#y0rusy0150####ca0#aRUS##aRU1#aУправление отечественным здравоохранением: анализ национального проекта «Здравоохранение» (2019–2024 гг.)eЖурнальная статья1#aМоскваcОбщество с ограниченной ответственностью «Научно-издательский центр ИНФРА-М»d2019##a9 с.##aЖурнальная статья2local##aЭкономика. Экономические науки. 33zRUS#1aКалачиковаgО. Н.#1aКалашниковgК. Н.#1aГруздеваgМ. А.4#azh-szf.ru